[Event "Chioggia op-B 10th"]
[Site "Chioggia"]
[Date "2015.10.09"]
[Round "1"]
[White "Iandolo, Giovanni"]
[Black "Capito, Mario"]
[Result "0-1"]
[WhiteElo "1707"]
[BlackElo "1878"]
[PlyCount "92"]
[EventDate "2015.10.09"]
[EventType "swiss"]
[EventRounds "5"]
[EventCountry "ITA"]
[SourceTitle "EXT 2022"]
[Source "ChessBase"]
[SourceDate "2021.10.06"]
[SourceVersion "1"]
[SourceVersionDate "2021.10.06"]
[SourceQuality "1"]

1. c4 g6 2. g3 Bg7 3. Bg2 e5 4. e4 Nc6 5. Ne2 d6 6. 0-0 Nge7 7. h3 Be6 8. d3 Qd7 9. Kh2 h5 10. f4 f5 11. exf5 gxf5 12. h4 0-0-0 13. Nbc3 d5 14. c5 e4 15. d4 Rhg8 16. Be3 Qe8 17. a3 Qg6 18. Bh3 Bf6 19. Rg1 Qg7 20. b4 Kb8 21. Rb1 Ng6 22. a4 Qf7 23. Qe1 Qg7 24. Qd1 Qh8 25. b5 Na5 26. b6 cxb6 27. cxb6 a6 28. Qe1 Nc4 29. Bc1 Ne7 30. Qf2 Nc6 31. Rd1 Qg7 32. Bb2 e3 33. Qg2 Nxd4 34. Nxd4 Bxd4 35. Rbc1 Bxb6 36. Ba1 d4 37. Ne2 Nd2 38. Rxd2 exd2 39. Rd1 Ba5 40. Qf2 Bc3 41. Bg2 Bb3 42. Nxc3 dxc3 43. Bxb7 Qxb7 44. Rb1 d1Q 45. Rxd1 Rxd1 46. Bxc3 Rh1# 0-1

[Event "Napoli Giglio Memorial"]
[Site "Napoli"]
[Date "2015.09.17"]
[Round "2"]
[White "Iandolo, Giovanni"]
[Black "Supino, Domenico"]
[Result "1-0"]
[WhiteElo "1663"]
[BlackElo "2017"]
[PlyCount "79"]
[EventDate "2015.09.10"]
[EventType "swiss"]
[EventRounds "4"]
[EventCountry "ITA"]
[SourceTitle "EXT 2024"]
[Source "ChessBase"]
[SourceDate "2023.10.10"]
[SourceVersion "1"]
[SourceVersionDate "2023.10.10"]
[SourceQuality "1"]

1. c4 c5 2. g3 Nc6 3. Bg2 Nf6 4. e4 d6 5. Ne2 g6 6. 0-0 Bg7 7. h3 0-0 8. Nbc3 Bd7 9. a3 a6 10. d3 Rb8 11. f4 b5 12. cxb5 axb5 13. Bd2 b4 14. axb4 Nxb4 15. Be3 Nc6 16. Qc2 Ne8 17. f5 Nd4 18. Bxd4 cxd4 19. Nd5 e6 20. fxe6 fxe6 21. Rxf8+ Kxf8 22. Rf1+ Kg8 23. Ndf4 Qb6 24. Rb1 Nc7 25. h4 e5 26. Nh3 h6 27. Kh2 Be6 28. Nf2 Bb3 29. Qd2 Ba2 30. Rc1 Ne6 31. Ng4 Qxb2 32. Rc2 Qb5 33. Rxa2 h5 34. Nf2 Nc5 35. Nc1 Kh7 36. Nh3 Bh6 37. Ng5+ Kg8 38. Ra5 Qb6 39. Qa2+ Nb3 40. Ra3 1-0